000
00328 a2200145 4500
001
174262
020
_a
040
_c
Magnum
100
_a
Brandao, Luzia Machado
240
1
0
_a
O grilinho brincalhao/livro texto
_l
por
245
1
0
_a
O grilinho brincalhao/livro texto
362
0
_a
1899
697
_a
IJ/ANIMAIS
942
_c
BK
999
_c
174262
_d
174262